|
|
|
|
| LEADER |
00000cam a2200000 7i4500 |
| 001 |
0000012111 |
| 005 |
20080122.0 |
| 020 |
|
|
|a 967610969X
|
| 090 |
0 |
0 |
|a 155.9
|b AIN
|
| 100 |
0 |
|
|a Ainon Mohd.,1950-
|
| 245 |
1 |
0 |
|a Tingkatkan daya pengaruh anda
|c oleh Ainin Mohd.,Abdullah Hassan
|
| 260 |
|
|
|a Kuala Lumpur :
|b Utusan Publications & Distributors ,
|c 2000
|
| 440 |
|
|
|a Siri komunikasi Utusan
|
| 650 |
|
0 |
|a Influence(Psychology)
|
| 650 |
|
0 |
|a Persuasion (Psychology)
|
| 700 |
1 |
|
|a Abdullah Hassan, 1942-
|
| 999 |
|
|
|a 0000795782
|b Book
|c Adult Collection
|e Cawangan Segamat
|
| 999 |
|
|
|a 0000799482
|b Book
|c Adult Collection
|e Cawangan Pontian
|
| 999 |
|
|
|a 0000816914
|b Book
|c Adult Collection
|e Cawangan Mersing
|
| 999 |
|
|
|a 0001004692
|b Book
|c Adult Collection
|e Perbadanan Perpustakaan Awam Johor
|
| 999 |
|
|
|a 0001004693
|b Book
|c Adult Collection
|e Perbadanan Perpustakaan Awam Johor
|